000 00320nam a22001457a 4500
008 221024b ||||| |||| 00| 0 eng d
020 _a9780030573125
041 _aeng
080 _a159.9
082 _a159.9
100 _a25
101 _aPSI
245 _aTHE TRAGEDY OF MACHBETH
_cSHAKESPEARE W
942 _2udc
_cBK
999 _c58646
_d58646